| 000 | 00965nam a2200277 i 4500 | ||
|---|---|---|---|
| 001 | 47835 | ||
| 003 | ES-MaACL | ||
| 005 | 20250903011157.0 | ||
| 007 | t| | ||
| 008 | 990715s1998 sp ||||0| spa j | ||
| 020 | _a84-7829-020-6 | ||
| 040 |
_aM-BN _bspa _cM-BN |
||
| 080 | _a51 | ||
| 245 | 0 | 4 |
_aLas matemáticas en la vida cotidiana / _c[COMAP ; director del proyecto, Solomon Garfunkel ; Joseph Malkevitch ... et al.] ; versión en español de Jody L. Doran y Eugenio Hernández. |
| 250 | _a3ª ed. | ||
| 260 |
_aMadrid : _bAddison-Wesley Iberoamericana : _bUniversidad Autónoma de Madrid, _c[1998] |
||
| 300 |
_aXV, 722 p., [53] p : _bil ; _c23 cm. |
||
| 650 | 1 | 7 |
_aMatemáticas _2embne _914814 |
| 700 | 1 |
_aGarfunkel, Solomon. _955531 |
|
| 700 | 1 |
_aDoran, Jody L. _945379 |
|
| 700 | 1 |
_aHernández, Eugenio. _962802 |
|
| 710 | 2 |
_aCOMAP. _93004 |
|
| 852 |
_aES-MaACL _jL-26369 _bR.132190 |
||
| 999 |
_c47835 _d47835 |
||